Prawda czy Fałsz ? - Statystyki

Ogólne statystyki
  • Ten quiz został rozwiązany 53 razy
    47 od ostatniego zresetowania
  • Średni wynik to 9 z 14
Statystyki odpowiedzi
Hint Odpowiedź % Poprawnych
2 Wojna Światowa zakończyła się w 1945 roku Prawda
90%
Stolicą polski to Warszwa Prawda
88%
Rosja leży na dwóch kontynentach: Europa i Azja Prawda
88%
Na układ odpornościowy składają się narządy limfatyczne, komórki wytwarzane przez te narządy i specjalne białka.Na układ odpornościowy składają się narządy limfatyczne, komórki wytwarzane przez te narządy i specjalne białka. Prawda
83%
Najlepiej jeść 5 posiłków dziennie Prawda
80%
W recenzji nie należy podawać szczegółów dotyczących
zakończenia utworu.
Prawda
73%
Stolicą Turcji jest Stambuł Fałsz
65%
Stany Zjednoczone mają największą ekonomikę (na rok 2024) Prawda
63%
Szwecja jest 4 największym państwem Europy pod względem wielkośći obszaru Fałsz
50%
.Pole powierzchni całkowitej sześcianu to iloczyn
pól wszystkich jego ścian
Fałsz
45%
Józef Stalin umarł w 1952 roku Fałsz
45%
W śledzionie wytwarzane są i dojrzewają komórki układu odpornościowego. Fałsz
43%
Na kubie oficjalną walutą jest Dollar Kubański Fałsz
43%
Jedno z państw , nieuznawanych przez JetPunk jest Cypr Południowy Fałsz
25%
Nie znaleziono quizów pasujących do podanych kryteriów
Rozkład punktacji
Procent ludzi z każdym wynikiem
Percentyl według liczby udzielonych odpowiedzi
Twoja historia wyników
Nie rozwiązałeś tego quizu od ostatniego zresetowania